Azulejos. (Record no. 441)

MARC details
000 -CABECERA
campo de control de longitud fija 00720nam a2200193 a 4500
001 - NÚMERO DE CONTROL
campo de control BRCA_508
005 - FECHA Y HORA DE LA ÚLTIMA TRANSACCIÓN
campo de control 20190320203035.0
008 - DATOS DE LONGITUD FIJA--INFORMACIÓN GENERAL
campo de control de longitud fija 230508s1991----po-a---###---#000-0#por-#
050 #4 - SIGNATURA TOPOGRÁFICA DE LA BIBLIOTECA DEL CONGRESO
Número de clasificación NK4670.7.P6
Número de documento/Ítem .A98 1991
245 10 - MENCIÓN DE TÍTULO
Título Azulejos.
260 ## - PUBLICACIÓN, DISTRIBUCIÓN, ETC.
Lugar de publicación, distribución, etc. [Portugal]
Nombre del editor, distribuidor, etc. Banco Borges & Irmão : Banco di Fomento e Exterior : Gemeentekrediet
Fecha de publicación, distribución, etc. 1991
300 ## - DESCRIPCIÓN FÍSICA
Extensión 176 p.
Otras características físicas il. a color
Dimensiones 30 cm.
500 ## - NOTA GENERAL
Nota general Catálogo de la exposición realizada en el marco del festival Europalia 91 en Halleport, Bruselas, 20 septiembre - 29 diciembre, 1991
500 ## - NOTA GENERAL
Nota general Incluye cronología
504 ## - NOTA DE BIBLIOGRAFÍA, ETC.
Nota de bibliografía, etc. Bibliografía: p. 173-174
546 ## - NOTA DE LENGUA/LENGUAJE
Nota de lengua/lenguaje Texto en portugués y holandés
650 14 - PUNTO DE ACCESO ADICIONAL DE MATERIA--TÉRMINO DE MATERIA
Término de materia o nombre geográfico como elemento de entrada Azulejos
Subdivisión de forma Catálogos
Subdivisión geográfica Portugal
9 (RLIN) 1746
942 ## - ELEMENTOS DE PUNTO DE ACCESO ADICIONAL (KOHA)
Fuente del sistema de clasificación o colocación Library of Congress Classification
Tipo de ítem Koha Libros
Holdings
Estado de retiro Estado de pérdida Estado dañado No para préstamo Localización permanente Ubicación/localización actual Fecha de adquisición Total de préstamos Signatura topográfica completa Código de barras Fecha visto por última vez Precio válido a partir de Tipo de ítem Koha
El ejemplar forma parte de la colección y puede ser consultado según las políticas vigentes.       Biblioteca del Museo Franz Mayer (Rogerio Casas-Alatriste) Biblioteca del Museo Franz Mayer (Rogerio Casas-Alatriste) 25/06/2008   NK4670.7.P6 .A98 1991 00808 22/03/2019 22/03/2019 Libros